[Event "Top 12 FRA-chT 2017"]
[Site "Chartres"]
[Date "2017.05.19"]
[Round "2"]
[White "Marcelin, Cyril"]
[Black "Abergel, Thal"]
[Result "0-1"]
[WhiteElo "2472"]
[BlackElo "2457"]
[Annotator "TA"]
[PlyCount "100"]
[EventDate "2017.??.??"]
[EventType "team-tourn"]
[EventCountry "FRA"]
[SourceTitle "playchess.com"]
[Source "ChessBase"]
[SourceQuality "1"]
[WhiteTeam "Saint Quentin"]
[BlackTeam "Tremblay-En-France"]

{[%evp 15,100,0,11,0,0,0,1,-8,-7,-6,0,-7,0,0,0,-17,0,0,24,14,17,0,0,0,17,37,23,0,0,0,0,0,54,-14,-22,-8,-22,-22,0,-13,-15,-37,0,0,453,456,500,477,481,77,73,7,12,0,6,-117,-33,-233,-205,-187,-202,-195,-201,-195,-191,-244,-251,-263,-265,-263,-249,-270,-251,-272,-264,-271,-265,-272,-258,-423,-425,-480,-489,-526,-518,-554,-511]} 1. d4 Nf6 2. Nf3 e6 3. Bf4 b6 4. Nbd2 Bb7 5. e3 g6 6. h3 {A47: 1 d4 Nf6 2 Nf3 b6: Torre, London and Colle Systems} (6. Bd3 Bg7 7. O-O O-O 8. h3 d6 9. Re1 Nbd7 10. e4 Nh5 11. Bh2 e5 12. c3 Qe7 13. Qc2 {1-0 (56) Nguyen,N (2629)-Inarkiev,E (2709) Doha 2016}) 6... Bg7 7. Be2 d6 8. O-O Nbd7 {LiveBook: 3 Games} 9. a4 a5 10. c3 Qe7 11. Bh2 $146 ({Predecessor:} 11. Nc4 O-O 12. Qc2 Ne4 13. Nfd2 f5 {0-1 (54) Rowe,P (2042)-Van Hoolandt,P (2224) Andorra 2009}) 11... e5 12. Nc4 {[%cal Rd4e5,Bd2c4,Bc4a3,Ba3b5][%mdl 32]} e4 13. Nfd2 Nd5 14. Na3 O-O 15. Nb5 {White wants to play c4.} N7f6 16. Qb1 Ba6 17. Bc4 Bb7 18. Rc1 Bh6 19. Bxd5 Bxd5 20. c4 Bc6 $1 {[#]} 21. c5 $1 {[%mdl 512]} dxc5 (21... bxc5 $6 22. dxc5 Bxb5 23. axb5 $16) 22. dxc5 Bxb5 $1 23. axb5 Rfd8 (23... Rad8 $11 24. Nb3 Rfe8) 24. Nb3 (24. cxb6 $1 $14 cxb6 25. Nc4) 24... Rd3 $11 25. Rc3 $36 {[%mdl 2048] White has the initiative.} Rxc3 26. bxc3 a4 27. cxb6 cxb6 28. Nd4 Qc5 29. Nc6 Nd7 $2 {[%mdl 8192]} (29... Qc4 $11 {and Black is okay.}) 30. Qxe4 $18 Qxc3 31. Rd1 Rf8 32. g4 $2 (32. Qe7 $18 {is more deadly.}) 32... Nc5 $16 33. Be5 (33. Qe5 $16 Qxe5 34. Bxe5) 33... Bg7 $1 $11 34. Bxc3 Nxe4 35. Bd4 (35. Ne7+ $11 {keeps the balance.} Kh8 36. Bxg7+ Kxg7 37. Ra1) 35... Bxd4 ({Better is} 35... a3 $17 {White must now prevent ...a2.} 36. Ne7+ Kh8 37. Bxg7+ Kxg7) 36. exd4 $2 $17 {[%mdl 4096] Endgame KRN-KRN} (36. Rxd4 $15 Nc5 37. Rd6) 36... Ra8 37. Ne7+ Kg7 38. Nd5 {[#]} Ra5 $1 39. Nxb6 Nd6 (39... Rxb5 40. Nxa4 Ra5 41. Nc5 $11) 40. Ra1 (40. Nd5 {might work better.}) 40... a3 $19 ({Weaker is} 40... Nxb5 41. Rxa4 Rxa4 42. Nxa4 $11) ({Stronger than} 40... Rxb5 41. Nxa4 Ra5 42. Ra2 $11) 41. d5 Rxb5 42. Na4 Rb3 ({Not} 42... Rxd5 43. Rxa3 Ra5 44. Rd3 $15) 43. Kg2 Rd3 44. Nb6 h5 45. gxh5 gxh5 46. Ra2 Kf6 47. Rc2 $2 (47. Nd7+ Kf5 48. Nc5 Rxd5 49. Nb3) 47... Ke5 {Black is clearly winning.} 48. h4 Kd4 49. Kf1 Rb3 50. Na4 Rb4 {Precision: White = 32%, Black = 59%.} 0-1

[Event "Top 12 FRA-chT 2017"]
[Site "Chartres"]
[Date "2017.05.19"]
[Round "2"]
[White "Ider, Borya"]
[Black "Touzane, Olivier"]
[Result "1-0"]
[WhiteElo "2456"]
[BlackElo "2277"]
[Annotator "TA"]
[PlyCount "93"]
[EventDate "2017.??.??"]
[EventType "team-tourn"]
[EventCountry "FRA"]
[SourceTitle "playchess.com"]
[Source "ChessBase"]
[SourceQuality "1"]
[WhiteTeam "Mulhouse Philidor"]
[BlackTeam "Montpellier"]

{[%evp 9,93,-23,8,-2,6,0,18,9,45,32,34,32,38,38,38,38,35,22,22,21,26,15,43,44,40,7,53,47,52,24,54,27,98,88,95,66,64,63,71,57,76,76,78,72,86,87,110,110,115,109,158,159,204,198,291,293,757,744,726,713,688,680,1342,1316,1983,2037,2745,2718,2350,2368,3027,2287,12827,969,969,960,950,949,1173,1180,1154,1124,29983,29983,29987,29988]} 1. e4 e6 2. d4 d5 3. e5 c5 4. c3 Nc6 5. g3 (5. Nf3 Bd7 6. Be2 Nge7 7. h4 Qb6 8. Na3 cxd4 9. cxd4 Nb4 10. h5 h6 11. Bd2 a6 12. Bc3 Nec6 13. Rh3 O-O-O 14. Kf1 Kb8 15. Qd2 {0-1 (39) Topalov,V (2760)-Caruana,F (2823) London 2016}) 5... Nge7 6. Ne2 {C02: French: Advance Variation} Nf5 7. Bh3 $1 cxd4 8. cxd4 {The position is equal.} Qb6 {[%cal Rf5d4]} 9. Bxf5 $1 exf5 10. O-O Be6 11. Nbc3 Be7 12. Be3 $146 ({Predecessor:} 12. Rb1 O-O {1-0 (31) Msellek,I (2173)-Paternoster,T (1668) Nimes 2012}) 12... O-O 13. Rb1 Qd8 14. Nf4 Qd7 15. h4 Rac8 16. Qf3 {[%cal Rc3d5]} Rfd8 17. Rfc1 b5 (17... f6 $5 {[%cal Rf6e5]}) 18. Nce2 h6 19. Nd3 Rc7 20. Nc5 Qe8 (20... Bxc5 $1 $11 21. Rxc5 Rdc8) 21. Nf4 $16 Bf8 22. Nfd3 a5 23. Rc2 Ra7 24. b3 Nb4 25. Nxb4 {[#] Hoping for Nbd3.} axb4 26. Nd3 Rda8 27. Rbb2 Be7 28. Bd2 {[%cal Be3d2,Bd2e1,Be1h4][%mdl 32]} Qf8 29. Qe3 g5 30. hxg5 hxg5 {intending ...f4.} 31. f4 gxf4 (31... Rc8 {was necessary.} 32. Rxc8 (32. fxg5 Rac7 $18) 32... Bxc8 33. fxg5 Be6) 32. gxf4 $18 ({Not} 32. Qxf4 f6 $16) 32... f6 $2 (32... Qg7+ 33. Kf1 Qg4 34. Bxb4 Qd1+ 35. Be1 Kf8) 33. Be1 Kf7 34. Rh2 Ke8 35. Rbe2 Kd7 36. exf6 Qxf6 37. Bh4 Qg7+ 38. Rhg2 Qh6 39. Bxe7 Kxe7 40. Nc5 Ra6 41. Nxa6 (41. Qe5 $142 Rc8 42. Qxd5) 41... Rxa6 42. Rh2 Qf6 43. Rh7+ Kf8 44. Rc7 Qh4 45. Rg2 {[#] Threatening mate with Qe5.} Bd7 46. Rxd7 Rg6 47. Rd8+ {Precision: White = 63%, Black = 38%.} ({Inferior is} 47. Rxg6 Qe1+ 48. Qxe1 $11) 1-0

[Event "Top 12 FRA-chT 2017"]
[Site "Chartres"]
[Date "2017.05.19"]
[Round "2"]
[White "Bellahcene, Bilel"]
[Black "Kveinys, Aloyzas"]
[Result "1/2-1/2"]
[WhiteElo "2452"]
[BlackElo "2520"]
[Annotator "TA"]
[PlyCount "57"]
[EventDate "2017.??.??"]
[EventType "team-tourn"]
[EventCountry "FRA"]
[SourceTitle "playchess.com"]
[Source "ChessBase"]
[SourceQuality "1"]
[WhiteTeam "Tremblay-En-France"]
[BlackTeam "Saint Quentin"]

{[%evp 18,57,21,20,25,26,35,-5,5,0,0,0,0,0,23,12,0,8,22,-14,-2,-6,0,0,0,0,0,0,0,0,0,0,0,0,0,0,2,0,0,0,4,0]} 1. e4 c5 2. Nf3 e6 3. c4 Nc6 4. d4 cxd4 5. Nxd4 Nf6 6. Nc3 Bb4 7. Nxc6 bxc6 8. Bd3 e5 9. O-O Bc5 {B44: Sicilian: Taimanov: 5 Nb5} 10. Rb1 {LiveBook: 8 Games} (10. Qe2 d6 11. Be3 Bg4 12. Qe1 Nd7 13. Na4 Bxe3 14. Qxe3 O-O 15. h3 Be6 16. b3 Nc5 17. Nc3 {½-½ (40) Karjakin,S (2779)-Grischuk,A (2752) Sochi 2016}) 10... a5 11. Qe2 d6 {White has an edge.} 12. h3 $146 ({Predecessor:} 12. Be3 Nd7 13. a3 Bxe3 14. Qxe3 Nc5 15. b4 axb4 16. axb4 Ne6 17. b5 {0-1 (45) Zhao,J (2347)-Ye,J (2671) Hebei 2001}) 12... Be6 13. Be3 Nd7 14. Na4 Bxe3 15. Qxe3 O-O 16. Be2 Qe7 {The position is equal.} 17. Rbd1 Nc5 18. Nc3 Rfd8 19. Rd2 Rab8 20. f4 f6 21. f5 Bf7 22. Rfd1 h6 23. h4 Kh7 24. Kh2 Rb4 25. b3 Rbb8 26. Rb1 Rb4 27. Rbd1 Rbb8 28. Rb1 Rb4 29. Rbd1 {Precision: White = 82%, Black = 63%.} 1/2-1/2

[Event "Top 12 FRA-chT 2017"]
[Site "Chartres"]
[Date "2017.05.19"]
[Round "2"]
[White "Babault, Patrice"]
[Black "Delorme, Axel"]
[Result "0-1"]
[WhiteElo "2411"]
[BlackElo "2514"]
[Annotator "TA"]
[PlyCount "86"]
[EventDate "2017.??.??"]
[EventType "team-tourn"]
[EventCountry "FRA"]
[SourceTitle "playchess.com"]
[Source "ChessBase"]
[SourceQuality "1"]
[WhiteTeam "Nice Alekhine"]
[BlackTeam "Clichy"]

{[%evp 23,86,29,27,22,22,27,6,-11,0,0,0,-31,-3,-30,-23,-25,-23,-18,-19,-75,-57,-111,-117,-89,-71,-77,-74,-94,-96,-82,-56,-58,-60,-63,-56,-70,-68,-62,-6,-14,16,-39,0,-59,-38,-72,-73,-115,-96,-89,-72,-75,-46,-50,-34,-173,-160,-162,-163,-161,-153,-232,-237,-296,-284]} 1. e4 e5 2. Nf3 Nc6 3. Bb5 Nf6 4. O-O Nxe4 5. d4 Nd6 {[%cal Be4d6,Bd6f5,Bf5e7,Be7g6,Bg6f4][%mdl 32]} 6. Bxc6 dxc6 7. dxe5 Nf5 8. Qxd8+ Kxd8 9. h3 Ne7 10. Nc3 {[%cal Bb1c3,Bc3e2,Be2g3,Bg3h5,Bh5f6][%mdl 32]} h6 11. b3 Bd7 12. Bb2 b6 13. Rad1 {C67: Ruy Lopez: Berlin Defence: 4 0-0 Nxe4} Kc8 $1 14. Ne2 Ng6 15. Ng3 {The position is equal.} Nf4 16. Bc1 Ne6 {[#]} 17. Nh5 $146 ({Predecessor:} 17. Ne1 g5 18. Nh5 c5 19. f4 gxf4 20. Nd3 a5 21. Ndxf4 Nxf4 22. Nxf4 {½-½ (61) Nguyen,N (2551)-Naiditsch,A (2638) Moscow 2008}) 17... a5 18. Ne1 c5 19. f4 g6 20. Nf6 Bc6 21. Kh2 (21. Be3 $11) 21... a4 $17 22. g4 (22. Be3 $15) 22... axb3 23. axb3 Ra2 24. Be3 Bg7 25. f5 Bxf6 26. exf6 gxf5 27. Rxf5 Be4 28. Rf2 h5 {[#] And now ...hxg4 would win.} 29. g5 h4 30. Rdd2 Ra1 (30... Nf8 $15) 31. Rde2 Rg8 32. Rf1 (32. Bd2 $11 Bh7 33. Nf3) 32... Rd8 33. Bd2 (33. Bf2 $11 Bg6 34. Rxe6 fxe6 35. Bxh4) 33... Bg6 $36 {[%mdl 2048] Black fights for an advantage.} 34. Bc3 Rc1 35. Kg2 Rd6 36. Bd2 Rd1 37. Be3 Bh5 38. Ref2 R1d5 39. Rf5 {[#]} (39. Nf3 $15) 39... Bg6 $1 $19 {[%cal Rg6f5]} 40. Rxd5 Rxd5 41. Kh2 Re5 42. Bf2 (42. Bc1 $17) 42... Re2 ({Much less strong is} 42... Nxg5 43. Bxh4 Ne6 44. Rg1 $17) 43. Nf3 Rxc2 {Precision: White = 33%, Black = 63%.} 0-1

[Event "Top 12 FRA-chT 2017"]
[Site "Chartres"]
[Date "2017.05.19"]
[Round "2"]
[White "Brochet, Philippe"]
[Black "Istratescu, Andrei"]
[Result "1/2-1/2"]
[WhiteElo "2409"]
[BlackElo "2596"]
[Annotator "TA"]
[PlyCount "85"]
[EventDate "2017.??.??"]
[EventType "team-tourn"]
[EventCountry "FRA"]
[SourceTitle "playchess.com"]
[Source "ChessBase"]
[SourceQuality "1"]
[WhiteTeam "Montpellier"]
[BlackTeam "Mulhouse Philidor"]

{[%evp 17,85,0,0,0,0,0,0,0,0,0,0,-10,-21,-12,-27,-43,-42,-45,-25,-52,-33,-22,-7,-20,78,69,69,61,62,69,73,0,0,0,0,0,0,0,0,-3,0,0,0,0,0,0,0,0,0,0,0,0,0,-5,-4,-11,-8,-3,0,0,0,0,0,0,0,0,0,0,0,0]} 1. d4 Nf6 2. Nf3 b6 3. Bg5 e6 4. e4 h6 5. Bxf6 Qxf6 6. Nc3 Bb4 7. Bd3 Bb7 8. O-O Bxc3 9. bxc3 O-O 10. Nd2 {B00: Queen's Fianchetto Defence, Nimzowitsch Defence} (10. Re1 d6 11. e5 Qe7 12. a4 a5 13. exd6 cxd6 14. Nd2 Qc7 15. Re3 Nd7 16. Qh5 Kh8 17. c4 Nf6 18. Qh4 e5 19. Nb3 Rae8 {0-1 (37) Lindberg,B (2376)-Westerberg,J (2469) Vaxjo 2017}) 10... d5 11. e5 Qe7 12. f4 c5 13. f5 exf5 14. Bxf5 Nc6 15. Qg4 Bc8 16. Rf4 $146 ({Predecessor:} 16. Nf3 Bxf5 17. Qxf5 Rac8 {½-½ (66) Mashina,O-Agudova,O (2048) Evpatoria 2006}) 16... Qg5 17. Bxc8 Raxc8 18. Qf3 $1 cxd4 19. cxd4 Ne7 {Threatens to win with ...Ng6.} (19... Nd8 $5 {[%cal Rd8e6]} 20. Nf1 Ne6 $15) 20. Nf1 Rxc2 {[#]} (20... f6 $11 21. exf6 Rxf6 22. Rxf6 Qxf6 23. Qxf6 gxf6) 21. Ne3 $1 $16 {[%csl LRc2,LRd5][%cal Re3c2]} Rc3 {aiming for ...Ng6.} 22. h4 $1 {[%cal Rh4g5]} Qg6 23. Nf5 Rc7 {[#]} 24. Nxe7+ ({White should try} 24. Nxg7 $1 $16 {[%mdl 512] Rg4 is the strong threat.} Qxg7 25. Rg4) 24... Rxe7 $11 {The position is equal.} 25. Qxd5 Qe6 (25... Rc7 {with more complications.} 26. Raf1 Rfc8 27. Qf3 Qe6 28. Kh2 b5) 26. Qxe6 fxe6 27. Rxf8+ Kxf8 {[%mdl 4096] Endgame KR-KR} 28. Rc1 Rd7 29. Rc4 Ke7 30. Kf2 Kd8 31. Ke3 Rc7 32. Kd3 Kd7 33. Ra4 a5 34. Ra3 Rc1 35. Ke4 Rh1 36. g3 Re1+ 37. Kd3 Rc1 38. Ke4 $1 Kc6 39. Rf3 $1 Re1+ 40. Kd3 $1 Rg1 {White must now prevent ...Kd5.} 41. Ke4 Re1+ 42. Kd3 $1 Rg1 {And now ...Kd5 would win.} 43. Ke4 {Precision: White = 81%, Black = 79%.} 1/2-1/2

[Event "Top 12 FRA-chT 2017"]
[Site "Chartres"]
[Date "2017.05.19"]
[Round "2"]
[White "Dionisi, Thomas"]
[Black "Le Borgne, Pierre"]
[Result "1-0"]
[WhiteElo "2392"]
[BlackElo "2234"]
[Annotator "TA"]
[PlyCount "71"]
[EventDate "2017.??.??"]
[EventType "team-tourn"]
[EventCountry "FRA"]
[SourceTitle "playchess.com"]
[Source "ChessBase"]
[SourceQuality "1"]
[WhiteTeam "Bois-Colombes"]
[BlackTeam "Lisieux"]

{[%evp 22,71,16,18,21,24,18,16,14,12,108,43,52,10,4,23,206,199,198,165,280,281,400,404,387,420,420,411,430,262,652,435,412,454,466,443,453,457,447,466,506,499,612,609,612,612,612,609,610,550,531,486]} 1. e4 g6 2. d4 Bg7 3. Nc3 c6 4. Nf3 d5 5. h3 Nf6 6. e5 Ne4 7. Nxe4 dxe4 8. Ng5 c5 9. Bc4 O-O 10. c3 cxd4 11. cxd4 Nc6 12. Be3 {LiveBook: 40 Games. B15: Caro-Kann: 3 Nc3: 3...g6 and 3...dxe4 4 Nxe4 Nf6 5 Nxf6+ exf6} Qa5+ 13. Kf1 h6 14. Nxe4 {The position is equal.} Rd8 15. Rc1 (15. f4 b5 16. Bb3 Nxd4 17. Bxd4 Qb4 18. Qf3 Rxd4 19. a3 Qa5 20. Nf6+ Bxf6 21. exf6 Qb6 22. f5 Bb7 23. Qg3 g5 24. fxe7 Re8 25. Re1 Rf4+ 26. Ke2 Qd4 {0-1 (26) Xiong,J (2674)-Shabalov,A (2556) Saint Louis 2017}) 15... Bf5 {[#]} (15... Nxd4 $11 {keeps the balance.} 16. Bxd4 Bxe5) 16. Ng3 $146 (16. Nc5 $1 $16) ({Predecessor:} 16. Nc5 Qb4 17. g4 Bc8 18. Qb3 Qxb3 19. Nxb3 a5 {1-0 (33) Urhegyi,M (2296)-Sokolski,A (1945) Banska Stiavnica 2016}) 16... e6 17. Nxf5 gxf5 18. f4 $36 {[%mdl 2048] White has the initiative.} Rd7 $2 {[#]} (18... Nxd4 $11 {and Black is okay.} 19. Kf2 (19. Bxd4 b5 $14) 19... Bf8) 19. d5 $1 $18 exd5 20. Bd3 d4 (20... Re8 $142 21. Bxf5 Rc7) 21. Bd2 (21. Bxf5 Rdd8 $16) 21... Qxa2 (21... Qd8 $142 22. g4 f6) 22. g4 {[%cal Bg2g4,Bg4g5][%mdl 32]} Qxb2 23. Rg1 {[%cal Bh1g1,Bg1g3,Bg3f3][%mdl 32]} Qa3 24. Rg3 Kh8 25. g5 Nxe5 $2 (25... Rg8 26. Kf2 Bf8 27. Bxf5 Qe7) 26. fxe5 Bxe5 27. Rf3 f4 {White is clearly winning.} 28. Bb5 Qe7 29. Bxd7 Qxd7 30. Qe2 Re8 31. gxh6 Re6 32. Qd3 Rxh6 33. Bxf4 Bxf4 34. Rxf4 Rxh3 35. Qxd4+ Qxd4 36. Rc8+ {Precision: White = 85%, Black = 34%.} 1-0

[Event "Top 12 FRA-chT 2017"]
[Site "Chartres"]
[Date "2017.05.19"]
[Round "2"]
[White "Stephan, Victor"]
[Black "Koziak, Vitali"]
[Result "0-1"]
[WhiteElo "2365"]
[BlackElo "2507"]
[Annotator "TA"]
[PlyCount "94"]
[EventDate "2017.??.??"]
[EventType "team-tourn"]
[EventCountry "FRA"]
[SourceTitle "playchess.com"]
[Source "ChessBase"]
[SourceQuality "1"]
[WhiteTeam "Lisieux"]
[BlackTeam "Bois-Colombes"]

{[%evp 9,94,-3,0,-12,0,0,0,0,0,0,0,0,0,-4,-8,-3,-5,-2,-9,-1,-4,-9,-5,-21,-22,-88,-56,-103,-98,-94,-51,-54,-39,-52,-47,-58,-62,-50,-54,-95,-90,-106,-97,-126,-121,-115,-113,-113,-113,-214,-216,-210,-207,-197,-194,-404,-394,-372,-308,-365,-360,-385,-378,-354,-338,-464,-333,-284,-253,-334,-256,-288,-289,-288,-283,-285,-292,-279,-277,-260,-241,-245,-239,-236,-249,-240,-235]} 1. d4 f5 2. Nc3 Nf6 3. Bg5 d5 4. f3 Nc6 5. e4 fxe4 6. fxe4 {A83: Dutch Defence: Staunton Gambit with 3 Nc3 Nf6 4 Bg5} (6. Bb5 Qd6 7. Bxf6 exf6 8. fxe4 dxe4 9. Nge2 Bg4 10. d5 a6 11. dxc6 axb5 12. cxb7 Rb8 13. Qxd6 Bxd6 14. Nxe4 {0-1 (48) Dzagnidze,N (2554)-Ju,W (2505) Astana 2013}) 6... Nxe4 7. Nxe4 dxe4 8. d5 {The position is equal.} Ne5 9. Qd4 Nf7 $1 {[%cal Rf7g5]} 10. Bh4 c6 {Hoping for ...Qa5+.} 11. O-O-O Qxd5 12. Qxd5 cxd5 13. Bb5+ Bd7 14. Bxd7+ Kxd7 15. Rxd5+ Kc6 $146 16. Rd4 Nd6 17. Ne2 (17. Bg3 $11 {remains equal.}) 17... e5 $17 18. Rdd1 Nf5 $36 {[%mdl 2048] Keeping White busy.} 19. Bg3 Ne3 20. Rde1 Nxg2 21. Reg1 {[#]} Nf4 $1 {[%cal Rf4e2]} 22. Nxf4 exf4 23. Bxf4 g6 24. Rg3 Bg7 25. Re1 Rae8 26. Bd2 Rhf8 27. Rh3 h5 28. Rg3 {[#]} Re6 $1 29. Reg1 (29. Be3 $17 {only move.}) 29... Bd4 $19 30. Be3 {[#]} Bxe3+ $1 31. Rxe3 {[%mdl 4096] Endgame KRR-KRR} Rf2 32. Rd1 $2 (32. h3 {was necessary.}) 32... Rxh2 33. Rd4 Rd6 34. Rc4+ Kd7 {( -> ...Rh1+)} 35. b3 Rc6 36. Rd4+ Kc7 37. Rexe4 Rhxc2+ 38. Kd1 a5 39. b4 axb4 40. Re7+ Kb8 41. Rxb4 Rc7 ({Don't do} 41... Rxa2 42. Rbxb7+ Ka8 43. Rh7 $19) 42. Re8+ Rc8 43. Re7 R2c7 ({Don't take} 43... Rxa2 44. Rbxb7+ Ka8 45. Rh7 $19) 44. Re6 Rc6 45. Re7 {Black is clearly better.} R8c7 46. Re8+ Ka7 47. Rg8 Rh7 {Precision: White = 46%, Black = 76%.} 0-1

[Event "Top 12 FRA-chT 2017"]
[Site "Chartres"]
[Date "2017.05.19"]
[Round "2"]
[White "Sharif, Mehrshad"]
[Black "Maisuradze, Nino"]
[Result "1/2-1/2"]
[WhiteElo "2363"]
[BlackElo "2260"]
[Annotator "TA"]
[PlyCount "35"]
[EventDate "2017.??.??"]
[EventType "team-tourn"]
[EventCountry "FRA"]
[SourceTitle "playchess.com"]
[Source "ChessBase"]
[SourceQuality "1"]
[WhiteTeam "Strasbourg"]
[BlackTeam "Bischwiller"]

{[%evp 11,35,12,16,10,10,11,25,20,30,18,28,15,31,20,41,20,47,44,37,32,28,31,26,14,34,25]} 1. Nf3 d5 2. g3 Nf6 3. Bg2 c6 4. O-O Bg4 5. c4 e6 6. d3 Nbd7 7. cxd5 {A11: English Opening: 1...c6} cxd5 (7... exd5 8. Nc3 Bc5 9. Qb3 Bb6 10. Na4 O-O 11. Nxb6 axb6 12. Qc2 Re8 13. b3 b5 14. Bb2 Nf8 15. Nd4 Qd7 16. f3 Bh5 17. e4 Bg6 {½-½ (41) Van Wely,L (2674)-Oparin,G (2626) Monzon 2016}) 8. Qb3 Qb6 9. Qxb6 {White has an edge.} Nxb6 10. Nc3 Rc8 11. Bf4 a6 12. Rac1 Bc5 $146 ({Predecessor:} 12... Be7 13. Ne5 Bh5 14. Be3 Nfd7 15. Nxd7 Nxd7 {½-½ (38) Keene,R-Medina Garcia,A Palma de Mallorca 1971}) 13. Rc2 O-O 14. Rfc1 Nfd7 15. Ne5 Nxe5 16. Bxe5 f6 17. Bf4 Bd4 18. Bd6 {Precision: White = 70%, Black = 36%.} 1/2-1/2

[Event "Top 12 FRA-chT 2017"]
[Site "Chartres"]
[Date "2017.05.19"]
[Round "2"]
[White "Heinz, Timothee"]
[Black "Le Roux, Jean-Pierre"]
[Result "1/2-1/2"]
[WhiteElo "2353"]
[BlackElo "2538"]
[Annotator "TA"]
[PlyCount "128"]
[EventDate "2017.??.??"]
[EventType "team-tourn"]
[EventCountry "FRA"]
[SourceTitle "playchess.com"]
[Source "ChessBase"]
[SourceQuality "1"]
[WhiteTeam "Strasbourg"]
[BlackTeam "Bischwiller"]

{[%evp 11,127,-12,0,-8,6,6,16,17,29,5,51,0,3,2,5,-15,-15,-14,-11,-16,-16,-25,-22,-17,-16,-22,25,-37,-24,-39,-25,-44,-33,-43,-38,-45,-51,-67,-62,-68,-61,-65,-60,-66,-81,-71,-67,-63,-60,-61,-63,-53,-48,-85,-86,-77,-76,-96,-38,-55,-47,-51,-54,-54,-20,-23,0,-110,-110,-100,-108,-112,-109,-113,-112,-124,-44,-54,0,-124,-124,-124,-124,-124,-124,-124,-124,-124,-124,-124,-124,-124,-124,-327,-303,-1133,-1044,-864,-841,-29950,-29953,-5277,-5193,-5065,-1546,-5118,-5118,-5118,-5081,-1497,-1440,-1034,0,-910,-879,-406,0,0]} 1. c4 Nf6 2. Nc3 e5 3. g3 Bb4 4. Nf3 Bxc3 5. dxc3 d6 6. Bg2 Nbd7 7. Nd2 $146 {A21: English Opening: 1...e5 2 Nc3} ({Predecessor:} 7. O-O O-O 8. Ne1 Rb8 9. Nc2 a6 10. h3 h6 11. b3 b5 12. cxb5 axb5 13. Nb4 Bb7 14. Nc6 Bxc6 15. Bxc6 {½-½ (45) Guenthner,O (2295)-Vatter,H (2307) Karlsruhe 2003}) 7... Rb8 8. Qc2 a6 9. O-O O-O 10. b3 b5 11. Ba3 ({White should try} 11. a4 $14) 11... Re8 12. Rfd1 Bb7 (12... Qe7 {with more complications.} 13. e4 Nb6 14. c5 dxc5 15. c4 b4) 13. Bxb7 Rxb7 14. e4 Qc8 15. Qd3 Nf8 16. c5 Ne6 17. cxd6 cxd6 18. h4 (18. Bxd6 $2 Rd7 $19) 18... h6 19. Qf3 ({Don't take} 19. Qxd6 $2 Rd7 $19) (19. Nf1 $11) 19... Qc6 20. Re1 a5 21. Rac1 Ra8 22. Qd3 Rd7 23. Nf3 Qb7 24. Qe2 b4 25. Bb2 bxc3 26. Rxc3 a4 27. Ba3 axb3 28. Rxb3 Qc6 29. Bb4 Nc5 30. Bxc5 Qxc5 31. Qb2 Rc7 32. Rb8+ Rxb8 33. Qxb8+ Kh7 34. Qb3 Qa7 (34... Qa5 $17 {Threatens to win with ...Rc3.} 35. Re3 Qa8) 35. Qd3 Rc6 (35... Qxa2 $5 {[%cal Rc7c2]} 36. Qxd6 Rc2 $17) 36. Re2 Ra6 {[#] And now ...Ra3 would win.} 37. a4 g6 38. Ra2 Kg7 (38... d5 $5 {[%cal Rd5e4]} 39. Qb3 Nxe4 40. Nxe5 Re6 $17) 39. Nd2 (39. Kg2 $11) 39... Rxa4 $17 40. Rxa4 Qxa4 41. Nc4 Qb5 42. Kg2 h5 43. Kg1 Qa6 (43... Ng4 $17 44. Kg2 Qc5) 44. Kg2 $15 Qb5 (44... Kg8 $15) 45. Kg1 $1 $17 Ng4 46. Kg2 Qc5 47. Ne3 Nxe3+ 48. fxe3 {[%mdl 4096] Endgame KQ-KQ} Qc6 49. Kh2 Kf8 50. Kg1 Ke7 51. Kf2 Qc1 52. Qd5 $2 {[#]} (52. Kg2 $17 {was necessary.}) 52... Qc2+ $1 $19 53. Kf3 $2 (53. Kg1) 53... f5 54. exf5 gxf5 55. Qa8 e4+ 56. Kf4 Qf2+ 57. Kg5 Qxg3+ (57... Qxe3+ $142 58. Kxh5 Qf3+ 59. Kg6 Qg4+ 60. Kh6 Qxg3) 58. Kxh5 Qg4+ 59. Kh6 Qxh4+ 60. Kg6 Qg4+ 61. Kh6 Qh4+ 62. Kg6 Qf6+ 63. Kh5 Kf7 $2 ({Black should play} 63... Qe5 $19 64. Kg6 Qe6+ 65. Kg5 Qf6+ 66. Kh5 Qe5) 64. Qf8+ $11 Kxf8 $2 {[%mdl 8192] Precision: White = 44%, Black = 53%.} (64... Ke6 65. Qxd6+ Kxd6) 1/2-1/2

[Event "Top 12 FRA-chT 2017"]
[Site "Chartres"]
[Date "2017.05.19"]
[Round "2"]
[White "Godard, Maxence"]
[Black "Laznicka, Viktor"]
[Result "1/2-1/2"]
[WhiteElo "2329"]
[BlackElo "2672"]
[Annotator "TA"]
[PlyCount "48"]
[EventDate "2017.??.??"]
[EventType "team-tourn"]
[EventCountry "FRA"]
[SourceTitle "playchess.com"]
[Source "ChessBase"]
[SourceQuality "1"]
[WhiteTeam "Lisieux"]
[BlackTeam "Bois-Colombes"]

{[%evp 16,48,4,11,32,17,57,56,77,72,93,89,89,81,88,59,80,74,82,76,75,70,81,69,70,52,72,51,102,82,81,90,82,81,85]} 1. d4 Nf6 2. Nf3 e6 3. c4 b6 4. a3 Bb7 5. Nc3 d5 6. cxd5 exd5 7. g3 Be7 8. Bg2 O-O 9. O-O {LiveBook: 198 Games} h6 {E12: Queen's Indian: Unusual White 4th moves, 4 a3, 4 Nc3 Bb7 5 a3 and 4 Nc3 Bb7} 10. Bf4 a5 $146 ({Predecessor:} 10... c5 11. Ne5 Na6 12. Rc1 Re8 13. Nb5 Bf8 14. g4 Re6 15. e3 Qe8 16. Nc3 Ne4 17. Nd3 cxd4 18. exd4 Rc8 19. Qb3 Nxc3 20. Rxc3 g5 21. Bg3 Rxc3 22. Qxc3 Rc6 23. Qd2 Re6 {½-½ (23) Ionescu,C (2465)-Kurajica,B (2585) Debrecen 1992}) 11. Ne5 Qe8 {White is slightly better.} 12. Rc1 Bd6 13. Nd3 Bxf4 14. Nxf4 Qd7 15. Qa4 (15. Re1 {looks sharper.} Na6 16. Qb3 Rad8 17. e3 Rfe8 18. Bf1) 15... Rd8 16. Qxd7 Rxd7 17. Rfd1 a4 18. Nd3 {[%cal Bf4d3,Bd3e5,Be5c4,Bc4e3,Be3f5][%mdl 32]} Ra5 19. Ne5 Re7 20. Nc4 Ra8 21. Ne3 {[%cal Rc3d5]} c6 (21... Ra5 $14) 22. Nf5 $16 {White is better.} Re6 23. f3 Nbd7 24. e4 dxe4 {Precision: White = 68%, Black = 56%.} 1/2-1/2